Školní tabulky pro 4.-5. třídu ZŠ : český jazyk, matematika, angličtina, vlastivěda, přírodověda, hudební výchova

Corporate Author: Amipa (firma)
Language: Czech
Published: Praha : Fragment, 2019
Edition: 3. vydání
Subjects:
Physical Description: 12 nečíslovaných stran : barevné ilustrace, portréty, noty ; 30 cm
Book
Saved in:
LEADER 02405nam a2200673 i 4500
001 nkc20193132581
003 CZ PrNK
005 20200305075052.0
007 td
008 191108s2019 xr acg c p 000 0 cze
015 |a cnb003132581 
020 |a 978-80-253-4399-9  |q (volné listy v přebalu)  |z 978-80-2534399-9 :  |c Kč 119,00 
035 |a (OCoLC)1130270286 
040 |a ABA001  |b cze  |e rda 
072 7 |a 373.2/.3  |x Předškolní a primární výchova a vzdělávání  |2 Konspekt  |9 22 
072 7 |a 37.016  |x Učební osnovy. Vyučovací předměty. Učebnice  |2 Konspekt  |9 22 
080 |a 373.3.016  |2 MRF 
080 |a 811.162.3  |2 MRF 
080 |a 51  |2 MRF 
080 |a 811.111  |2 MRF 
080 |a 908  |2 MRF 
080 |a 57.081.1  |2 MRF 
080 |a 78:37.016  |2 MRF 
080 |a (048.8)  |2 MRF 
080 |a (0.026.6)  |2 MRF 
245 0 0 |a Školní tabulky pro 4.-5. třídu ZŠ :  |b český jazyk, matematika, angličtina, vlastivěda, přírodověda, hudební výchova 
250 |a 3. vydání 
264 1 |a Praha :  |b Fragment,  |c 2019 
300 |a 12 nečíslovaných stran :  |b barevné ilustrace, portréty, noty ;  |c 30 cm 
336 |a text  |b txt  |2 rdacontent 
337 |a bez média  |b n  |2 rdamedia 
338 |a list  |b nb  |2 rdacarrier 
500 |a Název z přebalu 
500 |a Vyrobeno pro firmu Amipa 
650 0 7 |a učivo základních škol  |7 ph136701  |2 czenas 
650 0 7 |a čeština  |7 ph135292  |2 czenas 
650 0 7 |a matematika  |7 ph117231  |2 czenas 
650 0 7 |a angličtina  |7 ph114056  |2 czenas 
650 0 7 |a vlastivěda  |7 ph137666  |2 czenas 
650 0 7 |a přírodověda  |7 ph124940  |2 czenas 
650 0 7 |a hudební výchova  |7 ph120934  |2 czenas 
650 0 9 |a elementary school curriculum  |2 eczenas 
650 0 9 |a Czech language  |2 eczenas 
650 0 9 |a mathematics  |2 eczenas 
650 0 9 |a English language  |2 eczenas 
650 0 9 |a history and geography  |2 eczenas 
650 0 9 |a natural history  |2 eczenas 
650 0 9 |a musical learning and teaching  |2 eczenas 
655 7 |a přehledy  |7 fd133202  |2 czenas 
655 7 |a karty  |7 fd961715  |2 czenas 
655 9 |a surveys  |2 eczenas 
655 9 |a cards  |2 eczenas 
710 2 |a Amipa (firma)  |7 xx0026964  |4 isb 
910 2 |a BOA001  |b 4-1436.609 
928 9 |a Albatros Media - Fragment 
990 |a BK 
995 |a 01 
991 |b 201911  |c NOV 
996 6 |b 2610803970  |c 4-1436.609  |l MZK  |r Sklad / do 1 hodiny  |n 1  |p p.v.  |w 001766219  |u 000010  |a 1  |e BOA001  |j MZK50  |s P